<?xml version="1.0" encoding="UTF-8"?>
<record
    xmlns:xsi="http://www.w3.org/2001/XMLSchema-instance"
    xsi:schemaLocation="http://www.loc.gov/MARC21/slim http://www.loc.gov/standards/marcxml/schema/MARC21slim.xsd"
    xmlns="http://www.loc.gov/MARC21/slim">

  <leader>01125nam a22002177a 4500</leader>
  <controlfield tag="003">OSt</controlfield>
  <controlfield tag="005">20240416121439.0</controlfield>
  <controlfield tag="008">230623s2015    ag ||||| |||| 00| 1 spa d</controlfield>
  <datafield tag="020" ind1=" " ind2=" ">
    <subfield code="a">9789500844871</subfield>
  </datafield>
  <datafield tag="040" ind1=" " ind2=" ">
    <subfield code="c">beso</subfield>
  </datafield>
  <datafield tag="100" ind1="1" ind2=" ">
    <subfield code="a">Saint-Exup&#xE9;ry, Antoine de, </subfield>
    <subfield code="d">1900-1944,</subfield>
    <subfield code="e">autor</subfield>
  </datafield>
  <datafield tag="245" ind1="1" ind2="3">
    <subfield code="a">El principito /</subfield>
    <subfield code="c">Antoine de Saint-Exup&#xE9;ry ; ilustrado por Milo Lockett ; traducci&#xF3;n de Diego Muzzio</subfield>
  </datafield>
  <datafield tag="250" ind1=" " ind2=" ">
    <subfield code="a">1a ed.</subfield>
  </datafield>
  <datafield tag="260" ind1=" " ind2=" ">
    <subfield code="a">Buenos Aires :</subfield>
    <subfield code="b">At&#xE1;ntida, </subfield>
    <subfield code="c">2015</subfield>
  </datafield>
  <datafield tag="300" ind1=" " ind2=" ">
    <subfield code="a">118 p.</subfield>
  </datafield>
  <datafield tag="520" ind1=" " ind2=" ">
    <subfield code="a">La c&#xE9;lebre y fant&#xE1;stica historia del encuentro, en medio del desierto de &#xC1;frica, entre el escritor y aviador franc&#xE9;s y el curioso y entra&#xF1;able Principito ha conmovido a ni&#xF1;os y adultos, a lo largo de los a&#xF1;os. Para la presente edici&#xF3;n, Editorial Atl&#xE1;ntida convoc&#xF3; al artista pl&#xE1;stico Milo Lockett, quien dio nueva vida al Principito y a la maravillosa galer&#xED;a de personajes que desfilan por esta historia. [Nota del editor]</subfield>
  </datafield>
  <datafield tag="650" ind1=" " ind2="4">
    <subfield code="a">Literatura francesa</subfield>
    <subfield code="v">Novela corta</subfield>
    <subfield code="y">Siglo XX</subfield>
    <subfield code="x">Colecci&#xF3;n juvenil</subfield>
  </datafield>
  <datafield tag="700" ind1="1" ind2=" ">
    <subfield code="a">Lockett, Milo</subfield>
    <subfield code="d">1967-</subfield>
    <subfield code="e">ilustrador</subfield>
  </datafield>
  <datafield tag="700" ind1="1" ind2=" ">
    <subfield code="a">Muzzio, Diego</subfield>
    <subfield code="e">traductor</subfield>
  </datafield>
  <datafield tag="942" ind1=" " ind2=" ">
    <subfield code="2">udc</subfield>
    <subfield code="c">OG</subfield>
    <subfield code="n">0</subfield>
  </datafield>
  <datafield tag="999" ind1=" " ind2=" ">
    <subfield code="c">66</subfield>
    <subfield code="d">66</subfield>
  </datafield>
  <datafield tag="952" ind1=" " ind2=" ">
    <subfield code="0">0</subfield>
    <subfield code="1">0</subfield>
    <subfield code="2">udc</subfield>
    <subfield code="4">0</subfield>
    <subfield code="7">0</subfield>
    <subfield code="8">CG</subfield>
    <subfield code="a">ESOCIALES</subfield>
    <subfield code="b">ESOCIALES</subfield>
    <subfield code="d">2023-09-06</subfield>
    <subfield code="l">0</subfield>
    <subfield code="o">82-32(44) SA132</subfield>
    <subfield code="p">000583</subfield>
    <subfield code="r">2026-04-09 11:36:24</subfield>
    <subfield code="w">2023-09-06</subfield>
    <subfield code="y">OG</subfield>
  </datafield>
</record>
